| 000 | 00625nam a22001577a 4500 | ||
|---|---|---|---|
| 003 | OSt | ||
| 005 | 20151210115806.0 | ||
| 008 | 151210b xxu||||| |||| 00| 0 eng d | ||
| 040 | _cRUA | ||
| 082 | _aATM NIN 2004 B204 Or.1 | ||
| 100 |
_94656 _aNIN, CHANSAMEAN. |
||
| 245 | _ashifting agriculture pratices in thalaborivath district, stung treng province (ការអនុវត្តន៏កសិកម្មពនេចរ នៅស្រុកថាឡាបរិវ៉ាត់ ខេត្តស្ទឹងត្រែង) | ||
| 260 |
_aPhnom Penh _bRUA _c2004 |
||
| 300 |
_aviii, 51p. _bill. _c29cm. |
||
| 942 |
_2ddc _cATM |
||
| 999 |
_c4339 _d4339 |
||